Victorious One Word at a Time Quiz Stats

 Plays Quiz not verified by Sporcle

Challenge
Share
Tweet
Embed
Score 0/34 Timer 10:00
0 Plays Today
Hints Answers % Correct
????
100%
????
83.6%
????
75.5%
????
62.9%
????
62%
????
61.3%
????
49%
????
47.2%
????
43.8%
????
41.1%
????
34.5%
????
33.3%
????
30.5%
????
28.1%
????
26.5%
????
24.2%
????
20.6%
Hints Answers % Correct
????
19.3%
????
18%
????
17.3%
????
17.1%
????
16%
????
15.4%
????
14.9%
????
13.5%
????
8.1%
????
7.6%
????
6.7%
????
6.2%
????
5.8%
????
5.5%
????
5.2%
????
4.4%
????
4.3%

You're not logged in!

Compare scores with friends on all Sporcle quizzes.
Join for Free
OR
Log In

You Might Also Like...

Show Comments

Extras

Created Jul 20, 2012ReportNominate
Tags:1-word, victorious

Top Quizzes Today


Score Distribution

Your Account Isn't Verified!

In order to create a playlist on Sporcle, you need to verify the email address you used during registration. Go to your Sporcle Settings to finish the process.

Report this User

Report this user for behavior that violates our Community Guidelines.

Details: